000 00649cab a2200229 4500
001 WB3247-38
008 090401t1996 xxu||||| |||| 00| 0 eng d
035 _a(Sirsi) u69463
041 _aeng
245 _aDowntown on the up
260 _c1996
350 _a0
490 _aFinancial Times
_v7 December 1996, 2.12(2)
520 _aNew York`s residential market is set to spread further downtown, as far as Wall Street - as demand for rental properties soars.
650 _aDOWNTOWN
650 _aNEW YORK
650 _aRENTAL SECTOR
650 _aWALL STREET
690 _aOVERSEAS-NORTH AMERICA
942 _n0
948 _c04/03/1997
999 _c43629
_d43629